Alain Caillé (dir.), La Quête de reconnaissance , Nouveau phénomène social total. La Découverte, 2007, 302 pages, 25 ? (notice n° 1733795)
[ vue normale ]
| 000 -LEADER | |
|---|---|
| fixed length control field | 00943cam a2200157 4500500 |
| 005 - DATE AND TIME OF LATEST TRANSACTION | |
| control field | 20260322003643.0 |
| 041 ## - LANGUAGE CODE | |
| Language code of text/sound track or separate title | fre |
| 042 ## - AUTHENTICATION CODE | |
| Authentication code | dc |
| 100 10 - MAIN ENTRY--PERSONAL NAME | |
| Personal name | Koller, Sylvie |
| Relator term | author |
| 245 00 - TITLE STATEMENT | |
| Title | Alain Caillé (dir.), La Quête de reconnaissance , Nouveau phénomène social total. La Découverte, 2007, 302 pages, 25 ? |
| 260 ## - PUBLICATION, DISTRIBUTION, ETC. | |
| Date of publication, distribution, etc. | 2008.<br/> |
| 500 ## - GENERAL NOTE | |
| General note | 61 |
| 520 ## - SUMMARY, ETC. | |
| Summary, etc. | RésuméEt si le cinéma de Bergman tenait tout entier dans cette formidable demi-heure, ce temps sacré où tout s’arrête ? Lorsque l’on dit que l’auteur du Septième Sceau et de Cris et Chuchotements est obsédé par la mort, n’est-ce pas plutôt qu’il veut saisir, au contact de la mort, l’évidence palpable de la vie et le pouvoir de l’Esprit sur l’au-delà du visible ? |
| 786 0# - DATA SOURCE ENTRY | |
| Note | Études | 408 | 3 | 2008-03-01 | p. XXIII-XXIII | 0014-1941 |
| 856 41 - ELECTRONIC LOCATION AND ACCESS | |
| Uniform Resource Identifier | <a href="https://shs.cairn.info/revue-etudes-2008-3-page-XXIII?lang=fr&redirect-ssocas=7080">https://shs.cairn.info/revue-etudes-2008-3-page-XXIII?lang=fr&redirect-ssocas=7080</a> |
Pas d'exemplaire disponible.




Réseaux sociaux